Opäť k nám pritiahli (prileteli) úhory

Bibliographic Details
Main Authors: Kohút, Ján, 1964- (Author), Sokol, Róbert (Author)
Format: Article
Language:Slovak
PhysicalDescription:Fotogr. 6, obr. 1
Subjects:

MARC

LEADER 00000nab a2200000 a 4500
001 vtls000629779
003 SK-MaSNL
005 20260304100604.0
008 250425c1997 xo 0 slo
015 |a SNBRB19rr/mm-uuuuu 
035 |a CL0629918 
035 |a urn:nbn:sk:snk-abeprr 
035 |a (urnnbn)urn:nbn:sk:snk:ar-006zy6 
035 |a (uuid)b7cb9e75-e0d4-446d-b3aa-e14ade984992 
040 |a SNKBUCL  |b slo  |c SNKBUCL  |e AACR2 
041 0 |a slo 
044 |a xo  |c SK 
080 |a 639.213(437.6)  |2 1981 
100 1 |a Kohút, Ján,  |d 1964-  |4 aut  |9 6356 
245 1 0 |a Opäť k nám pritiahli (prileteli) úhory  |c Ján Kohút, Róbert Sokol 
300 |b Fotogr. 6, obr. 1 
650 0 7 |a úhory (zoológia)  |2 snkbucl  |9 51784 
655 7 |a články z novín a časopisov  |2 snkbucl  |9 267496 
700 1 |a Sokol, Róbert  |4 aut  |9 12789 
773 0 |t Poľovníctvo a rybárstvo  |g Roč. 49, č. 7 (1997), s. 34-35 
850 |a Slovenská národná knižnica 
852 |a Slovenská národná knižnica 
958 |a article27 
958 |a OND 
958 |a SK 
958 |a RK 
992 |a RBX 
999 |c 2838722  |d 2840652